| 000 | 00794 a2200217 4500 | ||
|---|---|---|---|
| 010 | _aENG-89870 | ||
| 020 |
_a8124114131 _c250.00 |
||
| 035 | _aEN-73403 | ||
| 037 | _bDBAD / PUB | ||
| 082 | 1 | 4 | _a355.0092 |
| 090 |
_c11906 _d11906 |
||
| 100 | 1 | _aSardeshpande, S.C. | |
| 245 | 1 |
_aSoldiering: _ban Indian experience/ _cby S.C. Sardeshpande |
|
| 260 |
_aNew Delhi _bHar-Anand Publications _c2008 |
||
| 270 |
_aE-49/3, Okhla Induatrial Area, Phase-II _bNew Delhi _e110020 _k41603490 _l41708607 |
||
| 300 |
_a128p. _c22 cm. (Hb) |
||
| 490 | _aMilitary affairs series; edited by Maroof Raza | ||
| 500 | _aIncludes bibliographical references & index. | ||
| 942 |
_adpl _cEN _k355.0092 / SAR |
||
| 999 |
_c11552 _d11552 |
||